000 00873cam a2200229 4500
001 11127
005 20230404125641.0
008 060907s2000 dr spa
035 _9funglode11213
041 _aspa
050 1 4 _aCD F
110 2 _aContraloría General de la República
245 1 0 _aBoletín estadístico 1999 /
_cContraloría General de la República. Elaborado por Maritza del carmen Bourdier Peña
260 _aSanto Domingo :
_bContraloría general de la República,
_c2000
300 _ap.v.
650 0 _aFinance, Public
_zDominican Republic
_vStatistics
_vPeriodicals.
650 0 _aFinance
_zDominican Republic
_vStatistics
_vPeriodicals.
650 4 _aFinanzas públicas
_xEstadísticas
_zRepública Dominicana.
700 2 _aBourdier Peña, Maritza del Carmen
710 1 _aContraloría General de la República Dominicana.
942 _2lcc
_ccd
999 _c1893
_d1893